| 000 | 00574nam a22001817a 4500 | ||
|---|---|---|---|
| 005 | 20251108173233.0 | ||
| 008 | 250721s2006 xx 000 0 ara d | ||
| 082 | 1 | 4 | _a321.8/ زيد |
| 100 | 1 |
_aأبو زيد، زيد موسى _eمؤلف |
|
| 245 | 1 | 0 | _aالديمقراطية بين الوهم و الحقيقة / |
| 264 | 1 |
_aعمان : _bدار الجنان للنشر والتوزيع، _c2006. |
|
| 300 | _a205ص. | ||
| 650 | 1 | 7 | _aالديمقراطية |
| 650 | 1 | 7 | _aالأنظمة السياسية |
| 650 | 1 | 7 | _aالدولة |
| 942 |
_2ddc _cBK |
||
| 999 |
_c99216 _d99216 |
||